000 00738nam a2200229Ia 4500
005 20250508164152.0
008 008 250505s9999 xx 000 0 eng d
020 _a0-71619-9600-1
037 _aTextBook
040 _aFEDL
_beng
_cFEDL
041 _aeng
_2eng
084 _a306.0954, PAT
_qFEDL
100 _aPatel Sujata Ed.
245 0 _aThinking social science in India : Essays in honour of alice thorner
260 _aNew Delhi, India
_bSage Publications
_c2002
300 _a468p
365 _aINR
_b795
650 _aIndia-Social Conditions; Women-India-Social Conditions
_9777576
700 _a Bagchi Jasodhara Ed. Rai Kriashna Ed.
_9777577
942 _cTB
_h306.0954, PAT
999 _c1387423
_d1387423